Management: (Record no. 1563)
[ view plain ]
| 000 -LEADER | |
|---|---|
| fixed length control field | 00541nam a2200181 4500 |
| 020 ## - INTERNATIONAL STANDARD BOOK NUMBER | |
| ISBN | 0256205116 |
| 050 ## - CALL NUMBER | |
| Classification number | HD31 |
| Item number | .D369485 |
| 100 ## - AUTHOR | |
| Personal name | Bateman, Thomas S. |
| 245 ## - TITLE | |
| Title | Management: |
| Remainder of title | Building Competitive Advantage. |
| 250 ## - EDITION | |
| Edition statement | 3rd |
| 260 ## - PUBLICATION INFORMATION | |
| Place of publication | Boston;/ |
| Name of publisher | Irwin: |
| Year of publication | 1996. |
| 300 ## - DESCRIPTION | |
| Number of Pages | xiv, 588 p. |
| Other physical details | ill; |
| Dimensions | 28 cm. |
| 500 ## - NOTES | |
| General note | Includes indexes. |
| 505 ## - FORMATTED CONTENTS NOTE | |
| Table of Content | Foundations of management, Planning and Strategy, Organizing and Staffing, Leading, control and change, |
| 650 ## - SUBJECTS | |
| Topical Term | Management |
| 700 ## - OTHER AUTHORS | |
| Personal name | Scott, Snell A. |
| 942 ## - ADDED ENTRY ELEMENTS (KOHA) | |
| Koha item type | Books |
| Withdrawn status | Lost status | Home library | Current library | Shelving location | Date acquired | Full call number | Accession Number | Koha item type |
|---|---|---|---|---|---|---|---|---|
| Methodist University Library Tema | Methodist University Library Tema | General Stacks | 13/05/2011 | HD31 .D369485 | 33351 | Books |